[Event "Asia-ch"]
[Site "Al Ain"]
[Date "2025.05.14"]
[Round "8"]
[White "Anas, Khwaira"]
[Black "Yakimenko, Alexander A"]
[Result "1/2-1/2"]
[WhiteElo "2173"]
[BlackElo "2000"]
[PlyCount "172"]
[EventDate "2025.05.07"]
[EventType "swiss"]
[EventRounds "9"]
[EventCountry "UAE"]
[SourceTitle "CB21_2025"]
[SourceDate "2025.05.21"]
[SourceVersion "1"]
[SourceVersionDate "2025.05.21"]
[SourceQuality "1"]

1. d4 d5 2. c4 e6 3. Nc3 c5 4. cxd5 cxd4 5. Qa4+ Bd7 6. Qxd4 exd5 7. Qxd5 Nc6 8. Qd1 Nf6 9. Nf3 Qa5 10. e3 0-0-0 11. Bd2 h6 12. Bc4 Bg4 13. Qb3 Bxf3 14. gxf3 Ne5 15. Be2 Kb8 16. 0-0-0 Qb4 17. Kc2 Rc8 18. e4 Nc6 19. Be3 Bc5 20. Qxb4 Nxb4+ 21. Kb3 Bxe3 22. fxe3 Nc6 23. Rd6 Rhd8 24. Rhd1 Rxd6 25. Rxd6 Na5+ 26. Kc2 Nc4 27. Rd3 Ne5 28. Rd4 Nc6 29. Rd1 Re8 30. Bb5 a6 31. Bxc6 bxc6 32. Na4 Kc7 33. Nc5 a5 34. Kc3 Re5 35. Nd3 Rh5 36. Rd2 Nd7 37. Rg2 g6 38. Kd4 Kd6 39. f4 c5+ 40. Kc3 Rh3 41. Kd2 c4 42. Nf2 Rh5 43. Kc3 Kc5 44. e5 Kd5 45. Ng4 Rh4 46. Nf2 Nc5 47. Kc2 Ne4 48. Nd1 Rh3 49. Re2 h5 50. Nc3+ Nxc3 51. Kxc3 h4 52. Rd2+ Kc5 53. Re2 Rf3 54. b3 cxb3 55. axb3 h3 56. Kd3 Kb4 57. Ra2 Rf1 58. Ra4+ Kb5 59. Re4 Rd1+ 60. Kc3 Rc1+ 61. Kd3 Rd1+ 62. Kc3 Rc1+ 63. Kb2 Rh1 64. Ka3 Ra1+ 65. Kb2 Rh1 66. e6 Rxh2+ 67. Ka3 fxe6 68. Re5+ Kc6 69. Rxe6+ Kd5 70. Rxg6 Re2 71. Rh6 Rxe3 72. f5 Rf3 73. Ka4 Rxf5 74. Kxa5 Rf3 75. b4 Ra3+ 76. Kb6 Ke4 77. b5 Kf4 78. Kc7 Kg3 79. b6 Rc3+ 80. Kd8 Rb3 81. Kc8 h2 82. b7 Kg2 83. Rg6+ Kf2 84. Rf6+ Kg2 85. Rg6+ Kf2 86. Rh6 Kg2 1/2-1/2

[Event "Asia-ch"]
[Site "Al Ain"]
[Date "2025.05.12"]
[Round "6"]
[White "Ahmad, Al Khatib"]
[Black "Yakimenko, Alexander A"]
[Result "1-0"]
[WhiteElo "2283"]
[BlackElo "2000"]
[PlyCount "81"]
[EventDate "2025.05.07"]
[EventType "swiss"]
[EventRounds "9"]
[EventCountry "UAE"]
[SourceTitle "CB21_2025"]
[SourceDate "2025.05.21"]
[SourceVersion "1"]
[SourceVersionDate "2025.05.21"]
[SourceQuality "1"]

1. e4 e6 2. d4 d5 3. exd5 exd5 4. Nf3 Nc6 5. Bf4 Bd6 6. Bxd6 Qxd6 7. Bd3 Bg4 8. c3 Qe7+ 9. Kf1 Qf6 10. Nbd2 Nge7 11. h3 Bh5 12. g3 g5 13. Kg2 Bg6 14. Bxg6 Nxg6 15. Qe2+ Nge7 16. h4 g4 17. Ne5 Nxe5 18. dxe5 Qe6 19. Nb3 h5 20. Nd4 Qb6 21. a4 a6 22. b4 0-0-0 23. Rhe1 Nc6 24. Qe3 Nxd4 25. cxd4 Qxb4 26. Reb1 Qe7 27. Ra2 Rd7 28. Rab2 c6 29. Qc3 Rc7 30. Qa5 f6 31. exf6 Qxf6 32. Rxb7 Rhh7 33. Qxa6 Rhf7 34. Qa8+ Kd7 35. Rxc7+ Kxc7 36. Qb8+ Kd7 37. Rb7+ Ke6 38. Qc8+ Kd6 39. Qb8+ Ke6 40. Qe8+ Re7 41. Qxc6+ 1-0

[Event "Asia-ch"]
[Site "Al Ain"]
[Date "2025.05.10"]
[Round "4"]
[White "Sodbilegt, Naranbold"]
[Black "Yakimenko, Alexander A"]
[Result "1-0"]
[WhiteElo "2159"]
[BlackElo "2000"]
[PlyCount "124"]
[EventDate "2025.05.07"]
[EventType "swiss"]
[EventRounds "9"]
[EventCountry "UAE"]
[SourceTitle "CB21_2025"]
[SourceDate "2025.05.21"]
[SourceVersion "1"]
[SourceVersionDate "2025.05.21"]
[SourceQuality "1"]

1. e4 e6 2. d4 d5 3. Nc3 Bb4 4. e5 b6 5. Qg4 Bf8 6. Bg5 Qd7 7. h4 h6 8. Be3 Ne7 9. Bd3 Ba6 10. Bxa6 Nxa6 11. Qe2 Nb4 12. a3 Nbc6 13. Nf3 Nf5 14. g4 Nxe3 15. fxe3 0-0-0 16. 0-0-0 Kb8 17. e4 Be7 18. Rhf1 Rhf8 19. Qa6 Qc8 20. Qxc8+ Kxc8 21. exd5 exd5 22. Ne2 Na5 23. Nf4 Nc4 24. Rde1 Rg8 25. a4 g5 26. hxg5 Bxg5 27. Nxg5 Rxg5 28. b3 Na5 29. e6 fxe6 30. Nxe6 Rxg4 31. Nxd8 Kxd8 32. Rf8+ Kd7 33. Rf7+ Kd6 34. Rh1 Rg6 35. Rh7 Nc6 36. R1xh6 Rxh6 37. Rxh6+ Kd7 38. c3 a5 39. Kd2 Ne7 40. Rh7 Kd6 41. Ke3 c5 42. dxc5+ bxc5 43. Rh6+ Kc7 44. Kf4 Nc6 45. c4 d4 46. Ke4 Nb4 47. Rh7+ Kb6 48. Rd7 Ka6 49. Rc7 Kb6 50. Rc8 Nc6 51. Rh8 Nb4 52. Rb8+ Kc6 53. Rb5 Na6 54. Rxa5 Nc7 55. b4 cxb4 56. Kxd4 Ne6+ 57. Kd3 Nc5+ 58. Rxc5+ Kxc5 59. a5 Kc6 60. Kc2 Kd6 61. a6 Kc6 62. c5 Kd5 1-0

[Event "St Petersburg Korchnoi Memorial op"]
[Site "St Petersburg"]
[Date "2024.08.20"]
[Round "6"]
[White "Trubnikov, Nikita"]
[Black "Yakimenko, Alexander A"]
[Result "1-0"]
[WhiteElo "1718"]
[BlackElo "1946"]
[PlyCount "77"]
[EventDate "2024.08.17"]
[EventType "swiss"]
[EventRounds "9"]
[EventCountry "RUS"]
[SourceTitle "EXT 2025"]
[Source "ChessBase"]
[SourceDate "2024.10.14"]
[SourceVersion "1"]
[SourceVersionDate "2024.10.14"]
[SourceQuality "1"]

1. d4 e6 2. c4 Nf6 3. Nc3 Bb4 4. f3 d5 5. a3 Bxc3+ 6. bxc3 0-0 7. cxd5 exd5 8. e3 Re8 9. Bd3 b6 10. Ne2 Ba6 11. 0-0 c5 12. Ng3 Bxd3 13. Qxd3 Nc6 14. Bb2 Rc8 15. Rad1 h5 16. Rde1 g6 17. e4 h4 18. Nh1 cxd4 19. cxd4 dxe4 20. fxe4 Ne5 21. Qe2 Nc4 22. Nf2 Nxb2 23. Qxb2 Rc4 24. e5 Nh5 25. Rd1 Qd5 26. Ng4 Qe4 27. Qf2 Rf8 28. Qxh4 Kg7 29. Qg5 Rh8 30. Nf6 Qb7 31. Nxh5+ Rxh5 32. Qf6+ Kg8 33. e6 Rf5 34. Rxf5 gxf5 35. Qg5+ Kf8 36. Qd8+ Kg7 37. e7 Rc2 38. Qf8+ Kg6 39. Qg8+ 1-0

[Event "St Petersburg Korchnoi Memorial op"]
[Site "St Petersburg"]
[Date "2024.08.17"]
[Round "2"]
[White "Yakimenko, Alexander A"]
[Black "Lundin, Jan"]
[Result "1/2-1/2"]
[WhiteElo "1946"]
[BlackElo "2230"]
[PlyCount "84"]
[EventDate "2024.08.17"]
[EventType "swiss"]
[EventRounds "9"]
[EventCountry "RUS"]
[SourceTitle "CBM 221 Extra"]
[Source "ChessBase"]
[SourceDate "2024.09.30"]
[SourceVersion "1"]
[SourceVersionDate "2024.09.30"]
[SourceQuality "1"]

1. d4 d5 2. c4 e6 3. Nc3 c5 4. e3 Nf6 5. Nf3 dxc4 6. Bxc4 a6 7. 0-0 Nc6 8. Qe2 Qc7 9. Rd1 Bd6 10. dxc5 Bxc5 11. a3 Bd7 12. b4 Ba7 13. Bb2 Rc8 14. Ba2 Bb8 15. Rac1 Ne5 16. Nxe5 Qxe5 17. g3 Qf5 18. Bb1 Qh3 19. Qf1 Qxf1+ 20. Kxf1 Bc6 21. Ne4 Ke7 22. Nxf6 gxf6 23. Bd3 Bf3 24. Be2 Be4 25. Bd4 Rxc1 26. Rxc1 Bd6 27. f3 Bc6 28. Kf2 Bb5 29. e4 Ra8 30. Bc5 Bxe2 31. Kxe2 a5 32. bxa5 Rxa5 33. Bxd6+ Kxd6 34. Rc3 Rb5 35. Kd3 Rb1 36. Ke3 b5 37. Kf4 h5 38. h4 Rh1 39. Rc8 Ra1 40. Rc3 Rh1 41. Rc8 Ra1 42. Rc3 Rh1 1/2-1/2

[Event "EU-ch 22nd"]
[Site "Terme Catez"]
[Date "2022.03.28"]
[Round "2"]
[White "Yakimenko, Alexander A"]
[Black "Sorm, Daniel"]
[Result "1-0"]
[WhiteElo "2064"]
[BlackElo "2323"]
[PlyCount "109"]
[EventDate "2022.03.27"]
[EventType "swiss"]
[EventRounds "11"]
[EventCountry "SLO"]
[SourceTitle "CBM 208"]
[Source "ChessBase"]
[SourceDate "2022.06.30"]
[SourceVersion "1"]
[SourceVersionDate "2022.06.30"]
[SourceQuality "1"]

1. e4 c5 2. c3 Nf6 3. e5 Nd5 4. d4 cxd4 5. Bc4 e6 6. Qxd4 Nc6 7. Qe4 f5 8. Qe2 Bc5 9. Nf3 0-0 10. 0-0 a6 11. Bxd5 exd5 12. Be3 d6 13. Nbd2 f4 14. Bxc5 dxc5 15. h3 Bf5 16. Rfe1 c4 17. Nd4 Nxd4 18. cxd4 Bd3 19. Qf3 b5 20. b3 Kh8 21. e6 Ra7 22. Re5 Qa5 23. e7 Rxe7 24. Rxe7 Qxd2 25. Qxd5 h6 26. Qe5 Rg8 27. bxc4 bxc4 28. d5 c3 29. Rc7 c2 30. d6 Bf5 31. Rf1 Bd3 32. Qe1 Qxe1 33. Rxe1 Rd8 34. d7 Kh7 35. f3 Kg6 36. Re6+ Kf7 37. Rd6 Bf5 38. Kf2 Ke7 39. Rd4 g5 40. Ke1 Ke6 41. Kd2 Ke5 42. Rc8 Rxc8 43. dxc8Q Bxc8 44. Rc4 Bd7 45. Rxc2 Bb5 46. Kc3 h5 47. Rd2 Bf1 48. Kb4 Kf5 49. Kc5 g4 50. Rd5+ Kg6 51. hxg4 hxg4 52. fxg4 Bxg2 53. Rf5 f3 54. Kb6 f2 55. Rxf2 1-0

[Event "Chigorin Memorial 28th"]
[Site "St Petersburg"]
[Date "2021.10.30"]
[Round "8"]
[White "Yakimenko, Alexander A"]
[Black "Lekhtonen, Yaroslav"]
[Result "1/2-1/2"]
[WhiteElo "2059"]
[BlackElo "1812"]
[PlyCount "88"]
[EventDate "2021.10.23"]
[EventType "swiss"]
[EventRounds "9"]
[EventCountry "RUS"]
[SourceTitle "EXT 2023"]
[Source "ChessBase"]
[SourceDate "2022.10.05"]
[SourceVersion "1"]
[SourceVersionDate "2022.10.05"]
[SourceQuality "1"]

1. e4 e5 2. Nf3 Nc6 3. Bb5 a6 4. Ba4 Nf6 5. 0-0 Be7 6. Re1 b5 7. Bb3 d6 8. c3 0-0 9. h3 Na5 10. Bc2 c5 11. d4 Qc7 12. Nbd2 Bd7 13. Nf1 Nc4 14. b3 Nb6 15. Ne3 c4 16. Ba3 Rfe8 17. Rc1 Bf8 18. bxc4 Nxc4 19. Nxc4 bxc4 20. d5 Nh5 21. Rb1 Nf4 22. Bc1 g6 23. Be3 Rab8 24. Qd2 Bg7 25. Kh2 Rec8 26. Ng1 Qa5 27. Rxb8 Rxb8 28. Rb1 Rxb1 29. Bxb1 Qb5 30. Bc2 Qb2 31. g3 Nh5 32. Bd1 Qb1 33. Qc2 Qxc2 34. Bxc2 f5 35. Nf3 fxe4 36. Nd2 Nf6 37. Bxe4 Ba4 38. f3 Bb5 39. Kg2 Bf8 40. Kf2 Kf7 41. Bg5 Nd7 42. Be3 Be7 43. Bc2 Nf6 44. Be4 Bd8 1/2-1/2

[Event "Chigorin Memorial 28th"]
[Site "St Petersburg"]
[Date "2021.10.27"]
[Round "5"]
[White "Siniauski, Artsiom"]
[Black "Yakimenko, Alexander A"]
[Result "1-0"]
[WhiteElo "2320"]
[BlackElo "2059"]
[PlyCount "67"]
[EventDate "2021.10.23"]
[EventType "swiss"]
[EventRounds "9"]
[EventCountry "RUS"]
[SourceTitle "EXT 2023"]
[Source "ChessBase"]
[SourceDate "2022.10.05"]
[SourceVersion "1"]
[SourceVersionDate "2022.10.05"]
[SourceQuality "1"]

1. e4 e6 2. d4 d5 3. Nc3 Bb4 4. e5 b6 5. Qg4 Bf8 6. Bb5+ c6 7. Ba4 a5 8. a3 h5 9. Qh3 Ba6 10. Nce2 g5 11. g4 Bg7 12. gxh5 f5 13. exf6 Qxf6 14. Nf3 Bh6 15. Qg4 Ra7 16. Ne5 Ne7 17. c3 0-0 18. Be3 Nf5 19. 0-0-0 b5 20. Bc2 b4 21. Rdg1 Rg7 22. Ng6 bxa3 23. bxa3 Nxe3 24. fxe3 Re8 25. Rf1 Qd8 26. Rf2 Qd6 27. a4 Nd7 28. Rhf1 e5 29. dxe5 Nxe5 30. Qe6+ Qxe6 31. Rf8+ Kh7 32. Nxe5+ Rg6 33. Bxg6+ Kg7 34. Rxe8 1-0

[Event "Chigorin Memorial 28th"]
[Site "St Petersburg"]
[Date "2021.10.26"]
[Round "4"]
[White "Yakimenko, Alexander A"]
[Black "Vershinina, Anastasiia"]
[Result "1-0"]
[WhiteElo "2059"]
[BlackElo "1644"]
[PlyCount "57"]
[EventDate "2021.10.23"]
[EventType "swiss"]
[EventRounds "9"]
[EventCountry "RUS"]
[SourceTitle "EXT 2023"]
[Source "ChessBase"]
[SourceDate "2022.10.05"]
[SourceVersion "1"]
[SourceVersionDate "2022.10.05"]
[SourceQuality "1"]

1. d4 d5 2. Nf3 c6 3. e3 e6 4. c4 Nf6 5. Nc3 b6 6. Qc2 Bb7 7. b3 Nbd7 8. Bb2 Bd6 9. Be2 0-0 10. 0-0 Rc8 11. e4 e5 12. exd5 e4 13. Nxe4 Nxe4 14. Qxe4 cxd5 15. Qh4 Qxh4 16. Nxh4 g6 17. Nf3 Nf6 18. Ne5 Rfe8 19. Rfe1 Bxe5 20. dxe5 Nd7 21. Bg4 Rc7 22. Rad1 Nc5 23. cxd5 f5 24. Bf3 Ne4 25. d6 Rc2 26. d7 Rd8 27. e6 Kf8 28. Bxe4 Bxe4 29. Bf6 1-0

[Event "Veliko Gradiste Silver Lake op-A"]
[Site "Veliko Gradiste"]
[Date "2021.06.26"]
[Round "5"]
[White "Rakshitta, Ravi"]
[Black "Yakimenko, Alexander A"]
[Result "1-0"]
[WhiteElo "2190"]
[BlackElo "2058"]
[PlyCount "63"]
[EventDate "2021.06.23"]
[EventType "swiss"]
[EventRounds "9"]
[EventCountry "SRB"]
[SourceTitle "EXT 2022"]
[Source "ChessBase"]
[SourceDate "2021.10.06"]
[SourceVersion "1"]
[SourceVersionDate "2021.10.06"]
[SourceQuality "1"]

1. e4 e5 2. Bc4 d6 3. Nc3 Be6 4. Bb3 Nc6 5. d3 g6 6. f4 Bg7 7. Nf3 Bxb3 8. axb3 Nge7 9. 0-0 Qd7 10. Be3 0-0 11. d4 exf4 12. Bxf4 f5 13. e5 d5 14. Qd2 Nd8 15. Bh6 Ne6 16. Bxg7 Kxg7 17. Ng5 Nxg5 18. Qxg5 Nc6 19. Ne2 Kh8 20. Nf4 Nxd4 21. Qh4 Kg8 22. Rad1 Ne6 23. Nxd5 Qg7 24. Nf6+ Kh8 25. Rd7 Rf7 26. Rfd1 Nc5 27. Rd8+ Rf8 28. Rxa8 Rxa8 29. b4 g5 30. Qh3 Ne6 31. Rd7 Nf4 32. Qxh7+ 1-0

[Event "Moscow op-A 17th"]
[Site "Moscow"]
[Date "2021.02.23"]
[Round "4"]
[White "Yakimenko, Alexander A"]
[Black "Korchmar, Vasiliy"]
[Result "0-1"]
[WhiteElo "2122"]
[BlackElo "2451"]
[PlyCount "114"]
[EventDate "2021.02.20"]
[EventType "swiss"]
[EventRounds "9"]
[EventCountry "RUS"]
[SourceTitle "CBM 200 Extra"]
[Source "ChessBase"]
[SourceDate "2021.03.31"]
[SourceVersion "1"]
[SourceVersionDate "2021.03.31"]
[SourceQuality "1"]

1. e4 c5 2. Nf3 e6 3. b3 a6 4. Bb2 Nc6 5. g3 d5 6. exd5 exd5 7. Bg2 Qe7+ 8. Qe2 Nb4 9. Qxe7+ Nxe7 10. Kd1 Bf5 11. d3 c4 12. bxc4 dxc4 13. Ne5 cxd3 14. cxd3 f6 15. a3 Nxd3 16. Nxd3 Bxd3 17. Nd2 0-0-0 18. Rc1+ Kb8 19. Re1 Nc8 20. Re3 Bb5 21. Ke1 Nb6 22. Bf1 Bxf1 23. Nxf1 Na4 24. Ba1 Bc5 25. Rb3 Rhe8+ 26. Ne3 Bxe3 27. fxe3 b5 28. Ke2 Kb7 29. Rc2 Rc8 30. Rd2 Nc5 31. Rb1 Re7 32. Bd4 Ne4 33. Rdb2 Rc4 34. Ra1 Nc3+ 35. Kd3 Ne4 36. a4 Nc5+ 37. Bxc5 Rxc5 38. Rb4 Rd5+ 39. Rd4 Red7 40. Ke4 f5+ 41. Kd3 g5 42. Rb1 Kb6 43. axb5 axb5 44. Rf1 Rxd4+ 45. exd4 Rf7 46. Re1 f4 47. Re6+ Ka5 48. Ke2 b4 49. Re5+ Ka4 50. Rxg5 b3 51. Rg8 f3+ 52. Kf2 Rb7 53. Re8 h6 54. Re1 b2 55. Rb1 Rb3 56. d5 Ka3 57. d6 Rd3 0-1

[Event "WchT Seniors 50"]
[Site "Prague"]
[Date "2020.03.07"]
[Round "2.13"]
[White "Yakimenko, Alexander A"]
[Black "Svobodova, Michaela"]
[Result "1-0"]
[WhiteElo "2149"]
[BlackElo "1988"]
[PlyCount "169"]
[EventDate "2020.03.06"]
[EventType "team-swiss"]
[EventRounds "7"]
[EventCountry "CZE"]
[SourceTitle "CBM 195 Extra"]
[Source "ChessBase"]
[SourceDate "2020.05.31"]
[SourceVersion "1"]
[SourceVersionDate "2020.05.31"]
[SourceQuality "1"]
[WhiteTeam "Russia 50 II"]
[BlackTeam "Czech Republic 50 (W)"]
[WhiteTeamCountry "RUS"]
[BlackTeamCountry "CZE"]

1. e4 c5 2. Nf3 e6 3. b3 b6 4. Bb2 Bb7 5. Bd3 Nc6 6. Nc3 d6 7. 0-0 Nf6 8. Re1 Be7 9. Bf1 0-0 10. d4 cxd4 11. Nxd4 Rc8 12. Qd2 Nxd4 13. Qxd4 Qc7 14. Nb5 Qc5 15. Bd3 a6 16. Ba3 Qxd4 17. Nxd4 Rfd8 18. c4 Bf8 19. Bb2 d5 20. cxd5 exd5 21. e5 Ne4 22. Rac1 Bc5 23. f3 Ng5 24. Bf5 Ne6 25. Rcd1 Kf8 26. Kh1 Ke7 27. Nxe6 fxe6 28. Bd3 h6 29. Re2 Bb4 30. h4 Rf8 31. Kh2 a5 32. Kg3 Bc3 33. Ba3+ Bb4 34. Bb2 Bc3 35. Bc1 Bc6 36. a4 Be8 37. Ba6 Rc6 38. Bb5 Rc8 39. Ba6 Rc6 40. Bd3 Bb4 41. Bb2 Bd7 42. Kg4 Rfc8 43. f4 Bc3 44. Ba3+ Bb4 45. Bb2 Bc3 46. Ba6 R8c7 47. Bb5 Rc5 48. Ba3 Bb4 49. Bxb4 axb4 50. Bxd7 Rxd7 51. Rd4 b5 52. Rxb4 bxa4 53. bxa4 d4 54. Rd2 d3 55. Rb3 Rcd5 56. h5 Rd4 57. Ra3 Ra7 58. a5 Ra6 59. Rdxd3 Rxd3 60. Rxd3 Rxa5 61. Rb3 Ra7 62. Rb6 Kf7 63. Kh4 Rc7 64. g3 Ra7 65. Kh3 Rc7 66. g4 Rc3+ 67. Kh4 Rc4 68. Rb7+ Kf8 69. Kg3 Rc3+ 70. Kf2 Rc2+ 71. Ke3 Rc3+ 72. Kd4 Rg3 73. Kc5 Rd3 74. Kc6 Rd4 75. Rd7 Rxf4 76. Kd6 Rxg4 77. Kxe6 Kg8 78. Rf7 Rg5 79. Rf5 Rg1 80. Kd7 g6 81. hxg6 Rxg6 82. e6 Rg7+ 83. Ke8 Ra7 84. Rf8+ Kg7 85. Rf7+ 1-0

[Event "Pfalz op-A 11th"]
[Site "Neustadt an der Weinstrasse"]
[Date "2020.02.24"]
[Round "7"]
[White "Bardorz, Jana"]
[Black "Yakimenko, Alexander A"]
[Result "1/2-1/2"]
[WhiteElo "1963"]
[BlackElo "2178"]
[PlyCount "125"]
[EventDate "2020.02.21"]
[EventType "swiss"]
[EventRounds "9"]
[EventCountry "GER"]
[SourceTitle "CBM 195 Extra"]
[Source "ChessBase"]
[SourceDate "2020.05.31"]
[SourceVersion "1"]
[SourceVersionDate "2020.05.31"]
[SourceQuality "1"]

1. e4 e5 2. Nf3 d6 3. d4 Nf6 4. Nc3 Nbd7 5. Bc4 Be7 6. 0-0 0-0 7. Re1 c6 8. a4 a5 9. h3 h6 10. Be3 Qc7 11. Qd2 Re8 12. Rad1 Nf8 13. Bb3 Ng6 14. Bxh6 gxh6 15. Qxh6 Nf8 16. dxe5 dxe5 17. Ng5 Be6 18. Nxe6 fxe6 19. Rd3 Red8 20. Rg3+ Kf7 21. Rg7+ Ke8 22. Qxf6 Bxf6 23. Rxc7 Rab8 24. Re3 Rd6 25. Rg3 Be7 26. f4 Kd8 27. Rg7 Kxc7 28. Rxe7+ Kd8 29. fxe5 Kxe7 30. exd6+ Kxd6 31. Bc4 Kc5 32. Bd3 Ng6 33. Ne2 Ne5 34. Kf2 Nxd3+ 35. cxd3 Kb4 36. g4 Kxa4 37. Nc1 Rf8+ 38. Kg2 Kb4 39. g5 a4 40. h4 Kc5 41. g6 Kd4 42. h5 Rg8 43. Kf3 Ke5 44. Ne2 Kf6 45. Kg4 e5 46. d4 exd4 47. e5+ Kxe5 48. Kg5 d3 49. Nc3 Rf8 50. g7 Rf1 51. Kg6 a3 52. bxa3 Kd4 53. h6 Rg1+ 54. Kf5 Kxc3 55. h7 d2 56. h8Q Rf1+ 57. Ke4 Re1+ 58. Kf4 Rf1+ 59. Ke3 Re1+ 60. Kf2 Rf1+ 61. Kxf1 d1Q+ 62. Kf2 Qd2+ 63. Kf3 1/2-1/2

[Event "Pfalz op-A 11th"]
[Site "Neustadt an der Weinstrasse"]
[Date "2020.02.24"]
[Round "6"]
[White "Yakimenko, Alexander A"]
[Black "Lubbe, Nikolas"]
[Result "0-1"]
[WhiteElo "2178"]
[BlackElo "2453"]
[PlyCount "118"]
[EventDate "2020.02.21"]
[EventType "swiss"]
[EventRounds "9"]
[EventCountry "GER"]
[SourceTitle "CBM 195 Extra"]
[Source "ChessBase"]
[SourceDate "2020.05.31"]
[SourceVersion "1"]
[SourceVersionDate "2020.05.31"]
[SourceQuality "1"]

1. e4 c5 2. Nf3 d6 3. Bb5+ Nd7 4. c3 Ngf6 5. Qe2 a6 6. Ba4 e5 7. 0-0 Be7 8. Rd1 b5 9. Bc2 0-0 10. d4 Qc7 11. h3 Bb7 12. d5 c4 13. Nbd2 Nc5 14. b4 cxb3 15. axb3 Rfb8 16. b4 Ncd7 17. Bb2 Nb6 18. Rdc1 Bc8 19. Nb3 Nc4 20. Bd3 Nh5 21. Ra2 Nf4 22. Qf1 Bd7 23. Na5 Nxa5 24. Rxa5 Bd8 25. Nh2 Qc8 26. Ra3 Bb6 27. Rca1 Bxh3 28. gxh3 Nxh3+ 29. Kg2 Nxf2 30. Qxf2 Bxf2 31. Kxf2 Qb7 32. Nf3 Rf8 33. Bc2 Rfc8 34. Bc1 a5 35. bxa5 b4 36. Rb1 Rxa5 37. Rxa5 Qb6+ 38. Be3 Qxa5 39. Rxb4 h6 40. Bd2 g5 41. Ke2 Qc5 42. Rb1 Ra8 43. Bd3 Ra2 44. c4 g4 45. Rg1 h5 46. Rg2 Qa3 47. Nh4 Qc1 48. Nf3 Kf8 49. Ke3 Qh1 50. Ne1 Qh3+ 51. Ke2 Ra1 52. Rf2 g3 53. Rf3 Qh2+ 54. Ke3 Qg1+ 55. Ke2 g2 56. Nxg2 Qxg2+ 57. Rf2 Qg4+ 58. Ke3 Ra3 59. Bb4 Qg3+ 0-1

[Event "Pfalz op-A 11th"]
[Site "Neustadt an der Weinstrasse"]
[Date "2020.02.23"]
[Round "4"]
[White "Yakimenko, Alexander A"]
[Black "Yi, Danny"]
[Result "1-0"]
[WhiteElo "2178"]
[BlackElo "2286"]
[PlyCount "75"]
[EventDate "2020.02.21"]
[EventType "swiss"]
[EventRounds "9"]
[EventCountry "GER"]
[SourceTitle "CBM 195 Extra"]
[Source "ChessBase"]
[SourceDate "2020.05.31"]
[SourceVersion "1"]
[SourceVersionDate "2020.05.31"]
[SourceQuality "1"]

1. e4 e5 2. Nf3 Nc6 3. Bb5 a6 4. Ba4 Nge7 5. c3 g6 6. d4 exd4 7. cxd4 b5 8. Bb3 Bg7 9. Nc3 Na5 10. Bc2 d6 11. h3 0-0 12. 0-0 h6 13. Re1 c5 14. Rb1 Nac6 15. Be3 c4 16. a3 d5 17. Qd2 Kh7 18. Rbd1 Be6 19. Ne5 Qc7 20. Bf4 Nxe5 21. Bxe5 Bxe5 22. dxe5 Rad8 23. exd5 Nxd5 24. Be4 Nxc3 25. Qxc3 Qb6 26. Qb4 a5 27. Qe7 Rfe8 28. Qf6 Rd4 29. h4 h5 30. Kh2 Qd8 31. Rxd4 Qxd4 32. Re3 Qd8 33. Qf4 b4 34. axb4 axb4 35. Rg3 Qe7 36. Rg5 Kg7 37. Qg3 Kh6 38. Rxg6+ 1-0